| Tag |
First Indicator |
Second Indicator |
Subfields |
| LEADER |
00000pam a2200000 i 4500 |
| 001 |
in00000309549 |
| 005 |
20151010151745.0 |
| 008 |
780503s1978 nyua b 00110 eng |
| 010 |
|
|
|a 78009751
|
| 020 |
|
|
|a 0471031569
|
| 035 |
|
|
|a (OCoLC)03933529
|
| 035 |
|
|
|9 ABH9882AM
|
| 040 |
|
|
|a DLC
|c DLC
|d TXA
|d UtOrBLW
|
| 049 |
|
|
|a TXAM
|c [1402473]
|
| 050 |
0 |
0 |
|a T50
|b .B317
|
| 082 |
0 |
|
|a 602/.8
|
| 100 |
1 |
|
|a Barry, B. Austin
|q (Benjamin Austin)
|
| 245 |
1 |
0 |
|a Errors in practical measurement in science, engineering, and technology /
|c B. Austin Barry ; edited by M. D. Morris.
|
| 264 |
|
1 |
|a New York :
|b Wiley,
|c [1978]
|
| 264 |
|
4 |
|c ©1978
|
| 300 |
|
|
|a xiii, 183 pages :
|b illustrations ;
|c 24 cm.
|
| 336 |
|
|
|a text
|b txt
|2 rdacontent
|
| 337 |
|
|
|a unmediated
|b n
|2 rdamedia
|
| 338 |
|
|
|a volume
|b nc
|2 rdacarrier
|
| 500 |
|
|
|a "A Wiley-interscience publication."
|
| 500 |
|
|
|a Includes index.
|
| 504 |
|
|
|a Bibliography: page 112.
|
| 650 |
|
0 |
|a Measurement.
|
| 650 |
|
0 |
|a Error analysis (Mathematics)
|
| 700 |
1 |
|
|a Morris, M. D.
|q (Morton Dan)
|
| 999 |
|
|
|a MARS
|
| 999 |
f |
f |
|s 02c9a2e7-0b0c-3e9f-9214-5fb4f2009496
|i cf2bc6f3-d821-3446-9b4b-c1164d8ef642
|t 0
|
| 952 |
f |
f |
|p normal
|a Texas A&M University
|b College Station
|c Sterling C. Evans Library
|d Evans: Library Stacks
|t 0
|e T50 .B317
|h Library of Congress classification
|i unmediated -- volume
|m A14805262955
|
| 998 |
f |
f |
|a T50 .B317
|t 0
|l Evans: Library Stacks
|